Normal view
MARC view
- Majuelo, Estrella S.
Entry Personal Name
001 - CONTROL NUMBER
- control field: 23460
003 - CONTROL NUMBER IDENTIFIER
- control field: NUST
005 - DATE AND TIME OF LATEST TRANSACTION
- control field: 20191010104647.0
008 - FIXED-LENGTH DATA ELEMENTS
- fixed length control field: 191010|| aca||aabn | a|a d
040 ## - CATALOGING SOURCE
- Original cataloging agency: NUST
- Transcribing agency: NUST
100 ## - HEADING--PERSONAL NAME
- Personal name: Majuelo, Estrella S.
670 ## - SOURCE DATA FOUND
- Source citation: Work cat.: (NUST)0: Catalogue of rare books :, 2001-2015.
